[Event "Montcalm op 4 2012-13"]
[Site "Quebec CAN"]
[Date "2013.01.31"]
[Round "4"]
[White "Bonneau, Daniel"]
[Black "Myre, Eric"]
[Result "1/2-1/2"]
[WhiteElo "2047"]
[BlackElo "2005"]
[PlyCount "67"]
[GameId "2160767909382152"]
[EventDate "2013.01.10"]
[EventType "swiss"]
[EventRounds "5"]
[EventCountry "CAN"]
[SourceTitle "EXT 2022"]
[Source "ChessBase"]
[SourceDate "2021.10.06"]
[SourceVersion "1"]
[SourceVersionDate "2021.10.06"]
[SourceQuality "1"]

1. e4 c5 2. Nc3 Nc6 3. f4 g6 4. Nf3 Bg7 5. Bb5 Nd4 6. O-O Nxb5 7. Nxb5 Nf6 8. d3 d5 9. e5 Nd7 10. Qe1 a6 11. Nc3 e6 12. Kh1 b6 13. Bd2 Bb7 14. Qe2 Qe7 15. Rae1 O-O 16. Qf2 f6 17. Qg3 Rae8 18. exf6 Qxf6 19. Kg1 Qd8 20. Ne5 Qc7 21. Nxd7 Qxd7 22. Qg4 Qd6 23. Nd1 e5 24. fxe5 Bxe5 25. g3 Bd4+ 26. Be3 Rxf1+ 27. Kxf1 Bc8 28. Qg5 Re5 29. Qh6 Qf6+ 30. Bf4 Rxe1+ 31. Kxe1 c4 32. Qg5 Bf5 33. Qxf6 Bxf6 34. dxc4 1/2-1/2

[Event "Montcalm op 4 2012-13"]
[Site "Quebec CAN"]
[Date "2013.01.31"]
[Round "4"]
[White "Dumont, Eric"]
[Black "Ripoll, Arthur"]
[Result "0-1"]
[WhiteElo "1721"]
[BlackElo "1594"]
[PlyCount "90"]
[GameId "2160767909382153"]
[EventDate "2013.01.10"]
[EventType "swiss"]
[EventRounds "5"]
[EventCountry "CAN"]
[SourceTitle "EXT 2022"]
[Source "ChessBase"]
[SourceDate "2021.10.06"]
[SourceVersion "1"]
[SourceVersionDate "2021.10.06"]
[SourceQuality "1"]

1. d4 d5 2. Bf4 Nf6 3. Nf3 e6 4. e3 c5 5. c3 Nc6 6. Bd3 Qb6 7. Qc2 c4 8. Be2 Qa6 9. Nbd2 b5 10. O-O b4 11. Ne5 Rb8 12. Nxc6 Rb6 13. Ne5 Be7 14. h3 O-O 15. g4 Qb5 16. cxb4 Qxb4 17. b3 cxb3 18. Nxb3 Ne4 19. Nd3 Qa4 20. Rfc1 Ba3 21. Nbc5 Qe8 22. Rcb1 Rc6 23. Ne5 Rc7 24. Bb5 Qe7 25. Nf3 Nd6 26. Ba4 e5 27. Bxe5 f5 28. Rb3 fxg4 29. Rxa3 Rxf3 30. Bg3 Qf6 31. Ne4 Nxe4 32. Qxc7 Rxg3+ 33. Qxg3 Nxg3 34. fxg3 Qd6 35. e4 Qxa3 36. Bb3 Be6 37. Rf1 Qb2 38. hxg4 Qxd4+ 39. Rf2 Qxe4 40. Rf4 Qe3+ 41. Kh2 g5 42. Ra4 Kf7 43. Ra3 Kf6 44. Ra4 Qf2+ 45. Kh3 Qg1 0-1

[Event "Montcalm op 4 2012-13"]
[Site "Quebec CAN"]
[Date "2013.01.31"]
[Round "4"]
[White "Plante, Rejean"]
[Black "Marquis, Paul"]
[Result "1-0"]
[WhiteElo "2017"]
[BlackElo "1952"]
[PlyCount "39"]
[GameId "2160767909382154"]
[EventDate "2013.01.10"]
[EventType "swiss"]
[EventRounds "5"]
[EventCountry "CAN"]
[SourceTitle "EXT 2022"]
[Source "ChessBase"]
[SourceDate "2021.10.06"]
[SourceVersion "1"]
[SourceVersionDate "2021.10.06"]
[SourceQuality "1"]

1. c4 f5 2. Nf3 Nf6 3. g3 d6 4. d4 g6 5. b3 Bg7 6. Bb2 O-O 7. Bg2 Qe8 8. O-O Nbd7 9. d5 e5 10. dxe6 Qxe6 11. Nc3 Ne4 12. Nd4 Qe7 13. Nd5 Qf7 14. Nxc7 Nb6 15. Nxa8 Nxa8 16. Qc2 Re8 17. Nb5 Bxb2 18. Qxb2 Qe7 19. Rad1 Rf8 20. Qd4 1-0

[Event "Montcalm op 4 2012-13"]
[Site "Quebec CAN"]
[Date "2013.02.07"]
[Round "5"]
[White "Ripoll, Arthur"]
[Black "Cummins, Paul"]
[Result "0-1"]
[WhiteElo "1594"]
[BlackElo "1713"]
[PlyCount "116"]
[GameId "2160767909382155"]
[EventDate "2013.01.10"]
[EventType "swiss"]
[EventRounds "5"]
[EventCountry "CAN"]
[SourceTitle "EXT 2022"]
[Source "ChessBase"]
[SourceDate "2021.10.06"]
[SourceVersion "1"]
[SourceVersionDate "2021.10.06"]
[SourceQuality "1"]

1. e4 e5 2. Nf3 Nc6 3. Bc4 Nf6 4. Ng5 d5 5. exd5 Na5 6. Bb5+ c6 7. dxc6 bxc6 8. Be2 h6 9. Nh3 Bd6 10. O-O O-O 11. d3 Qc7 12. Nc3 Bf5 13. Kh1 e4 14. Nxe4 Nxe4 15. dxe4 Bxe4 16. Bf3 Bg6 17. c3 Nc4 18. g3 Rab8 19. b3 Ne5 20. Bg2 Rbd8 21. Qd4 Nd3 22. Qc4 Ne5 23. Qa4 Bd3 24. Re1 Bb5 25. Qe4 Bd3 26. Qa4 Bf5 27. Be3 a5 28. f4 Nd3 29. Re2 Nc5 30. Bxc5 Bxc5 31. Qxc6 Qxc6 32. Bxc6 Bxh3 33. Re5 Ba3 34. Rxa5 Bb2 35. Rb1 Bxc3 36. Rc5 Bd4 37. Rb5 Rd6 38. Bg2 Bd7 39. Rb7 Rd8 40. h4 Bf2 41. a4 Bf5 42. Rb2 Bxg3 43. Bf3 Rd3 44. Kg2 Bxf4 45. b4 Rd2+ 46. Rxd2 Rxd2+ 47. Kf1 Be3 48. Bc6 Rc2 49. Bb5 Rb2 50. Be2 Rb1+ 51. Kg2 Be4+ 52. Bf3 Rg1+ 53. Kh2 Bxf3 54. Re7 Re1 55. Kh3 Bf2 56. Rxe1 Bxe1 57. b5 Ba5 58. Kg3 Bd1 0-1

[Event "Montcalm op 5 2012-13"]
[Site "Quebec CAN"]
[Date "2013.02.14"]
[Round "1"]
[White "Dube, Daniel"]
[Black "Ripoll, Arthur"]
[Result "1-0"]
[WhiteElo "1932"]
[BlackElo "1608"]
[PlyCount "135"]
[GameId "2160767909381744"]
[EventDate "2013.02.14"]
[EventType "swiss"]
[EventRounds "5"]
[EventCountry "CAN"]
[SourceTitle "EXT 2022"]
[Source "ChessBase"]
[SourceDate "2021.10.06"]
[SourceVersion "1"]
[SourceVersionDate "2021.10.06"]
[SourceQuality "1"]

1. e4 e5 2. Nf3 Nc6 3. Nc3 Nf6 4. Bb5 d6 5. d4 exd4 6. Nxd4 Bd7 7. O-O Be7 8. Bf4 O-O 9. Bxc6 bxc6 10. h3 h6 11. Nf3 Nh7 12. Qd2 Rb8 13. Rab1 Bf6 14. e5 Be7 15. exd6 cxd6 16. Bxd6 Bf5 17. Bxb8 Qxb8 18. Qe2 Bf6 19. Rfe1 Qf4 20. Qe3 Qxe3 21. Rxe3 Bxc2 22. Rc1 Bf5 23. Rce1 Be6 24. b3 Ng5 25. Rd1 Nxf3+ 26. Rxf3 c5 27. Nb5 Be5 28. Nxa7 Ra8 29. Nc6 Bf6 30. a4 c4 31. bxc4 Bxc4 32. a5 Be2 33. Rxf6 Bxd1 34. Rd6 Be2 35. Rd8+ Rxd8 36. Nxd8 Kf8 37. Nc6 Ba6 38. f4 Ke8 39. Kf2 Bb7 40. Nb4 Kd7 41. g3 Kd6 42. Ke3 Kc5 43. a6 Bg2 44. Nd3+ Kb6 45. h4 Kxa6 46. Kd4 Kb6 47. Ne5 f6 48. Nc4+ Kc6 49. Ne3 Bh3 50. Ke4 Be6 51. Nf5 g6 52. Nxh6 Kd6 53. f5 gxf5+ 54. Nxf5+ Kd7 55. h5 Bg8 56. Nd4 Ke7 57. g4 Kf7 58. Nf5 Bh7 59. Kd5 Bg8 60. Nh6+ Kg7+ 61. Nxg8 Kxg8 62. Ke6 Kg7 63. Ke7 Kg8 64. Kxf6 Kh8 65. Kf7 Kh7 66. g5 Kh8 67. h6 Kh7 68. g6+ 1-0

[Event "Montcalm op 5 2012-13"]
[Site "Quebec CAN"]
[Date "2013.02.21"]
[Round "2"]
[White "Bourassa, Andre"]
[Black "Gagnon, Stephane"]
[Result "1-0"]
[WhiteElo "1762"]
[BlackElo "1398"]
[PlyCount "33"]
[GameId "2160767909381745"]
[EventDate "2013.02.14"]
[EventType "swiss"]
[EventRounds "5"]
[EventCountry "CAN"]
[SourceTitle "EXT 2022"]
[Source "ChessBase"]
[SourceDate "2021.10.06"]
[SourceVersion "1"]
[SourceVersionDate "2021.10.06"]
[SourceQuality "1"]

1. d4 d5 2. c4 Nc6 3. e3 dxc4 4. Bxc4 e6 5. Nf3 Nf6 6. Nc3 Bb4 7. Qc2 O-O 8. O-O Re8 9. Rd1 Bxc3 10. bxc3 Na5 11. Bd3 b6 12. e4 g6 13. Bg5 Bb7 14. Qe2 Kg7 15. e5 Qd7 16. Bxf6+ Kg8 17. Qe3 1-0

[Event "Montcalm op 5 2012-13"]
[Site "Quebec CAN"]
[Date "2013.02.21"]
[Round "2"]
[White "Ripoll, Arthur"]
[Black "Chabot, Sebastien"]
[Result "1-0"]
[WhiteElo "1608"]
[BlackElo "1129"]
[PlyCount "67"]
[GameId "2160767909381746"]
[EventDate "2013.02.14"]
[EventType "swiss"]
[EventRounds "5"]
[EventCountry "CAN"]
[SourceTitle "EXT 2022"]
[Source "ChessBase"]
[SourceDate "2021.10.06"]
[SourceVersion "1"]
[SourceVersionDate "2021.10.06"]
[SourceQuality "1"]

1. e4 e5 2. Nf3 Nf6 3. Nxe5 Nxe4 4. Nc3 Qf6 5. Nf3 Qe6 6. Be2 d5 7. O-O Qg6 8. Nxd5 Bd6 9. d4 Bh3 10. Ne1 Nc6 11. Nf4 Bxf4 12. Bxf4 O-O 13. Bxc7 Rac8 14. Bg3 Ng5 15. gxh3 Nxh3+ 16. Kh1 Rcd8 17. c3 Rd7 18. Bg4 Rd5 19. Bxh3 Rh5 20. Bg2 Ne7 21. Nf3 f6 22. Nh4 Qg5 23. Qb3+ Kh8 24. Qxb7 f5 25. Nf3 Qf6 26. Rfe1 Ng6 27. Re5 Rg8 28. Rae1 f4 29. Rxh5 fxg3 30. fxg3 Nf4 31. gxf4 h6 32. Qe4 Qf7 33. Qe5 Kh7 34. Ng5+ 1-0

[Event "Montcalm op 5 2012-13"]
[Site "Quebec CAN"]
[Date "2013.02.28"]
[Round "3"]
[White "Bergeron, Marc"]
[Black "Bourassa, Andre"]
[Result "1-0"]
[WhiteElo "2014"]
[BlackElo "1762"]
[PlyCount "53"]
[GameId "2160767909381747"]
[EventDate "2013.02.14"]
[EventType "swiss"]
[EventRounds "5"]
[EventCountry "CAN"]
[SourceTitle "EXT 2022"]
[Source "ChessBase"]
[SourceDate "2021.10.06"]
[SourceVersion "1"]
[SourceVersionDate "2021.10.06"]
[SourceQuality "1"]

1. c4 e6 2. Nf3 d5 3. g3 c6 4. b3 Bd6 5. Bb2 Nf6 6. Bg2 Nbd7 7. d4 O-O 8. O-O Re8 9. Nc3 Ne4 10. Nxe4 dxe4 11. Nd2 f5 12. c5 Bc7 13. Nc4 Nf6 14. f3 exf3 15. Bxf3 Qe7 16. Qc2 Bd7 17. Rae1 Rf8 18. a3 e5 19. Nxe5 Bxe5 20. dxe5 Ng4 21. Qc3 Be6 22. e4 Qg5 23. h4 Qg6 24. exf5 Qxf5 25. Re4 Nh6 26. Rf4 Qh3 27. Bg2 1-0

[Event "Montcalm op 5 2012-13"]
[Site "Quebec CAN"]
[Date "2013.02.28"]
[Round "3"]
[White "Bleau, John"]
[Black "Myre, Eric"]
[Result "1-0"]
[WhiteElo "1958"]
[BlackElo "1989"]
[PlyCount "59"]
[GameId "2160767909381748"]
[EventDate "2013.02.14"]
[EventType "swiss"]
[EventRounds "5"]
[EventCountry "CAN"]
[SourceTitle "EXT 2022"]
[Source "ChessBase"]
[SourceDate "2021.10.06"]
[SourceVersion "1"]
[SourceVersionDate "2021.10.06"]
[SourceQuality "1"]

1. d4 d5 2. c4 e6 3. Nf3 Nf6 4. g3 Be7 5. Bg2 O-O 6. O-O Nbd7 7. b3 c6 8. Nc3 b6 9. Bb2 Bb7 10. cxd5 exd5 11. Rc1 Re8 12. Re1 Bf8 13. Qd3 c5 14. e3 a6 15. a4 Rc8 16. Nd2 Nb8 17. e4 cxd4 18. Nxd5 Nxd5 19. exd5 Rxe1+ 20. Rxe1 Bxd5 21. Nf3 Bc5 22. Nxd4 Bxg2 23. Kxg2 Nc6 24. Rd1 Nb4 25. Qf3 Qd5 26. Qxd5 Nxd5 27. Nf5 Ne7 28. Nxg7 Bxf2 29. Nh5 Nf5 30. Kxf2 1-0

[Event "Montcalm op 5 2012-13"]
[Site "Quebec CAN"]
[Date "2013.02.28"]
[Round "3"]
[White "Cummins, Paul"]
[Black "Ripoll, Arthur"]
[Result "1-0"]
[WhiteElo "1759"]
[BlackElo "1608"]
[PlyCount "49"]
[GameId "2160767909381749"]
[EventDate "2013.02.14"]
[EventType "swiss"]
[EventRounds "5"]
[EventCountry "CAN"]
[SourceTitle "EXT 2022"]
[Source "ChessBase"]
[SourceDate "2021.10.06"]
[SourceVersion "1"]
[SourceVersionDate "2021.10.06"]
[SourceQuality "1"]

1. e4 e5 2. Nf3 Nc6 3. Bc4 Bc5 4. c3 Nf6 5. d4 exd4 6. cxd4 Bb4+ 7. Bd2 Bxd2+ 8. Nbxd2 d5 9. exd5 Nxd5 10. O-O O-O 11. h3 Nf4 12. Ne4 Bf5 13. Ng3 Be6 14. Rc1 Qd7 15. Bb5 Qd5 16. Rc5 Qxa2 17. Qd2 Nd5 18. Bc4 Qa4 19. Bxd5 Bxd5 20. Rxd5 Qb3 21. Rh5 Rad8 22. Rc1 Rd7 23. Rc3 Qb4 24. Qc2 Nxd4 25. Qxh7# 1-0

[Event "Montcalm op 5 2012-13"]
[Site "Quebec CAN"]
[Date "2013.02.28"]
[Round "3"]
[White "Oliver, Vance"]
[Black "Boulianne, Gabriel"]
[Result "0-1"]
[WhiteElo "1509"]
[BlackElo "1761"]
[PlyCount "64"]
[GameId "2160767909381750"]
[EventDate "2013.02.14"]
[EventType "swiss"]
[EventRounds "5"]
[EventCountry "CAN"]
[SourceTitle "EXT 2022"]
[Source "ChessBase"]
[SourceDate "2021.10.06"]
[SourceVersion "1"]
[SourceVersionDate "2021.10.06"]
[SourceQuality "1"]

1. Nf3 Nf6 2. g3 d6 3. Bg2 Bd7 4. d3 Qc8 5. Nc3 Nc6 6. Bf4 Bh3 7. O-O e5 8. Bg5 Be7 9. Bxf6 Bxf6 10. Nd5 Bd8 11. c3 Ne7 12. Qb3 Be6 13. c4 c6 14. Ne3 Nf5 15. Rac1 Bb6 16. Nd5 Qd8 17. Nxb6 Qxb6 18. Ng5 Nd4 19. Qxb6 Nxe2+ 20. Kh1 axb6 21. Nxe6 fxe6 22. Rce1 Nd4 23. a3 O-O 24. Re3 Rf7 25. Kg1 Raf8 26. b4 Nc2 27. Re2 Nd4 28. Re3 Ra8 29. c5 bxc5 30. bxc5 dxc5 31. Rc1 Rxa3 32. h4 Ra2 0-1

[Event "Montcalm op 5 2012-13"]
[Site "Quebec CAN"]
[Date "2013.03.07"]
[Round "4"]
[White "Boulianne, Gabriel"]
[Black "Auger, Bertrand"]
[Result "1/2-1/2"]
[WhiteElo "1761"]
[BlackElo "1959"]
[PlyCount "87"]
[GameId "2160767909381751"]
[EventDate "2013.02.14"]
[EventType "swiss"]
[EventRounds "5"]
[EventCountry "CAN"]
[SourceTitle "EXT 2022"]
[Source "ChessBase"]
[SourceDate "2021.10.06"]
[SourceVersion "1"]
[SourceVersionDate "2021.10.06"]
[SourceQuality "1"]

1. Nf3 Nf6 2. d4 e6 3. c4 Bb4+ 4. Bd2 Be7 5. Nc3 d5 6. e3 O-O 7. Bd3 dxc4 8. Bxc4 c5 9. Na4 cxd4 10. exd4 Nc6 11. Be3 Bb4+ 12. Nc3 Nd5 13. Qc2 Qa5 14. Bd2 Rd8 15. O-O Bxc3 16. bxc3 Qc7 17. Bd3 h6 18. Rfe1 Nf4 19. Be4 Bd7 20. Ne5 Nxe5 21. Bxf4 Nf3+ 22. Bxf3 Qxf4 23. Bxb7 Rab8 24. Bf3 Rbc8 25. Rab1 Qxd4 26. Red1 Ba4 27. Rxd4 Bxc2 28. Rc1 Bf5 29. Ra4 Rc7 30. g3 Rd3 31. Kg2 Bh3+ 32. Kxh3 Rxf3 33. Kg2 Rd3 34. c4 Rd4 35. Rc3 h5 36. Rca3 g6 37. Kf3 Rdd7 38. Ke3 Kg7 39. h4 Kf6 40. Rd3 Re7 41. Rda3 Red7 42. Rd3 Re7 43. Rda3 Red7 44. Rd3 1/2-1/2

[Event "Montcalm op 5 2012-13"]
[Site "Quebec CAN"]
[Date "2013.03.07"]
[Round "4"]
[White "Ripoll, Arthur"]
[Black "Dumont, Eric"]
[Result "0-1"]
[WhiteElo "1608"]
[BlackElo "1705"]
[PlyCount "104"]
[GameId "2160767909381752"]
[EventDate "2013.02.14"]
[EventType "swiss"]
[EventRounds "5"]
[EventCountry "CAN"]
[SourceTitle "EXT 2022"]
[Source "ChessBase"]
[SourceDate "2021.10.06"]
[SourceVersion "1"]
[SourceVersionDate "2021.10.06"]
[SourceQuality "1"]

1. e4 d5 2. exd5 Nf6 3. Bc4 Nxd5 4. Nf3 e6 5. O-O Be7 6. d4 b6 7. Bb5+ c6 8. Bd3 Bb7 9. a3 Nd7 10. Re1 O-O 11. Nbd2 c5 12. Nf1 cxd4 13. Nxd4 N5f6 14. Nf3 Nc5 15. Be2 Qc7 16. Bg5 Rfd8 17. Qc1 Rac8 18. Bf4 Qc6 19. Ne3 Qa4 20. Bg3 Nfe4 21. b3 Qe8 22. Qb2 Nxg3 23. hxg3 Bf6 24. Ne5 Rd2 25. N3g4 Ne4 26. Nxf6+ Nxf6 27. Nc4 Rdd8 28. Bf3 Bxf3 29. gxf3 Qc6 30. Kg2 b5 31. Ne3 Rd2 32. Rad1 Rcd8 33. Qc1 Rxd1 34. Rxd1 Rc8 35. c4 bxc4 36. Qxc4 Qxc4 37. Nxc4 Nd5 38. f4 Kf8 39. Kf3 Ke7 40. g4 h6 41. Rd3 Rc7 42. Ne3 Nf6 43. f5 Rc6 44. b4 e5 45. Nd5+ Nxd5 46. Rxd5 Rc3+ 47. Ke4 Rxa3 48. Rxe5+ Kd6 49. Rd5+ Kc6 50. b5+ Kc7 51. f3 f6 52. f4 Rg3 0-1

[Event "Montcalm op 5 2012-13"]
[Site "Quebec CAN"]
[Date "2013.03.14"]
[Round "5"]
[White "Bleau, John"]
[Black "Bonneau, Daniel"]
[Result "1-0"]
[WhiteElo "1974"]
[BlackElo "2127"]
[PlyCount "97"]
[GameId "2160767909381753"]
[EventDate "2013.02.14"]
[EventType "swiss"]
[EventRounds "5"]
[EventCountry "CAN"]
[SourceTitle "EXT 2022"]
[Source "ChessBase"]
[SourceDate "2021.10.06"]
[SourceVersion "1"]
[SourceVersionDate "2021.10.06"]
[SourceQuality "1"]

1. d4 Nf6 2. c4 g6 3. Nc3 Bg7 4. Nf3 O-O 5. g3 d6 6. Bg2 Nbd7 7. O-O e5 8. dxe5 dxe5 9. Qc2 c6 10. h3 Re8 11. Be3 Qe7 12. Rad1 Nb6 13. b3 Bf5 14. Qc1 Rad8 15. Bg5 Rxd1 16. Rxd1 Qc7 17. Bh6 Ne4 18. Bxg7 Kxg7 19. Nh4 Nxc3 20. Nxf5+ gxf5 21. Qxc3 Qe7 22. Qa5 Nc8 23. c5 a6 24. Qc3 Qe6 25. h4 f6 26. Bh3 e4 27. e3 Re7 28. Qd2 Rc7 29. Qd8 Rf7 30. Bf1 Ne7 31. Bc4 Nd5 32. Bxd5 cxd5 33. Qxd5 Qxd5 34. Rxd5 Kg6 35. b4 Rc7 36. Rd6 Kf7 37. Kf1 Ke7 38. Ke2 a5 39. a3 axb4 40. axb4 Rc6 41. Rxc6 bxc6 42. Kd2 Ke6 43. Kc3 Kd5 44. Kb3 h5 45. Kc3 f4 46. gxf4 f5 47. Kb3 Ke6 48. Kc4 Kd7 49. b5 1-0

[Event "Montcalm op 5 2012-13"]
[Site "Quebec CAN"]
[Date "2013.03.14"]
[Round "5"]
[White "Boulianne, Gabriel"]
[Black "Bluteau, Yvon"]
[Result "0-1"]
[WhiteElo "1761"]
[BlackElo "1870"]
[PlyCount "44"]
[GameId "2160767909381754"]
[EventDate "2013.02.14"]
[EventType "swiss"]
[EventRounds "5"]
[EventCountry "CAN"]
[SourceTitle "EXT 2022"]
[Source "ChessBase"]
[SourceDate "2021.10.06"]
[SourceVersion "1"]
[SourceVersionDate "2021.10.06"]
[SourceQuality "1"]

1. e4 b6 2. d4 Bb7 3. Bd3 g6 4. Nf3 Bg7 5. Bf4 Nf6 6. Nc3 d6 7. Qe2 O-O 8. Rg1 Qc8 9. h3 Ba6 10. g4 Bxd3 11. cxd3 c5 12. Rc1 Qb7 13. d5 b5 14. d4 b4 15. Nb5 Nxe4 16. dxc5 Nxc5 17. Qc4 Nbd7 18. Ke2 Nb6 19. Qc2 Nxd5 20. Bxd6 Qxb5+ 21. Kd1 exd6 22. Qd2 Rae8 0-1

[Event "Montcalm op 5 2012-13"]
[Site "Quebec CAN"]
[Date "2013.03.14"]
[Round "5"]
[White "Martin, Jerome"]
[Black "Bourassa, Andre"]
[Result "0-1"]
[WhiteElo "1260"]
[BlackElo "1762"]
[PlyCount "124"]
[GameId "2160767909381755"]
[EventDate "2013.02.14"]
[EventType "swiss"]
[EventRounds "5"]
[EventCountry "CAN"]
[SourceTitle "EXT 2022"]
[Source "ChessBase"]
[SourceDate "2021.10.06"]
[SourceVersion "1"]
[SourceVersionDate "2021.10.06"]
[SourceQuality "1"]

1. e4 c5 2. Nf3 d6 3. Bb5+ Nc6 4. O-O e5 5. d3 Be7 6. b3 a6 7. Bxc6+ bxc6 8. Nbd2 Nf6 9. Bb2 Bg4 10. Nc4 Nd7 11. Qe2 O-O 12. Qe3 f5 13. exf5 Bxf5 14. Bc3 Nf6 15. Nfd2 Nd5 16. Ba5 Qe8 17. Qe2 Qg6 18. h3 Bxh3 19. g3 Nf4 20. Qe4 Bxf1 21. Qxg6 Nxg6 22. Kxf1 d5 23. Nb6 Bd8 24. Nxa8 Bxa5 25. Nb1 Rxa8 26. c4 d4 27. Ke2 Rf8 28. Na3 Ne7 29. Nc2 Nf5 30. Rh1 g6 31. Rf1 Re8 32. a3 Bc3 33. Rg1 e4 34. a4 a5 35. Rh1 Kg7 36. Na3 e3 37. Nb1 Bb4 38. g4 exf2+ 39. Kxf2 Ne3 40. Rg1 Nc2 41. Rc1 Na1 42. Kf3 Nxb3 43. Rf1 Re3+ 44. Kf4 Rxd3 45. Rf2 Re3 46. Kg5 d3 47. Kf4 Re1 48. Rf3 d2 49. Nxd2 Nxd2 50. Rd3 Re4+ 51. Kg5 h6+ 52. Kh4 Nxc4 53. Rd7+ Kf6 54. Rh7 Ne5 55. Rh8 Rxg4+ 56. Kh3 c4 57. Rf8+ Kg5 58. Re8 Re4 59. Rd8 Nd3 60. Rd7 Re3+ 61. Kh2 c3 62. Rf7 c2 0-1

[Event "Montcalm op 5 2012-13"]
[Site "Quebec CAN"]
[Date "2013.03.14"]
[Round "5"]
[White "Ripoll, Arthur"]
[Black "Gagnon, Stephane"]
[Result "0-1"]
[WhiteElo "1608"]
[BlackElo "1398"]
[PlyCount "76"]
[GameId "2160767909381756"]
[EventDate "2013.02.14"]
[EventType "swiss"]
[EventRounds "5"]
[EventCountry "CAN"]
[SourceTitle "EXT 2022"]
[Source "ChessBase"]
[SourceDate "2021.10.06"]
[SourceVersion "1"]
[SourceVersionDate "2021.10.06"]
[SourceQuality "1"]

1. e4 e5 2. Nf3 Nc6 3. Bc4 Nf6 4. Ng5 d5 5. exd5 Na5 6. Bb5+ c6 7. dxc6 bxc6 8. Be2 h6 9. Nh3 Bd6 10. d3 Qc7 11. Nc3 O-O 12. O-O Rb8 13. Ne4 Nxe4 14. dxe4 Rb4 15. Bf3 Ba6 16. Re1 Rd4 17. Bd2 Nc4 18. Re2 Nxb2 19. Qe1 Bxe2 20. Qxe2 Ra4 21. g4 f6 22. Qe3 Rb8 23. Rb1 Rxa2 24. Be2 Kh7 25. Bc1 Nc4 26. Bxc4 Rxb1 27. Bxa2 Ra1 28. Bc4 Ba3 29. Kg2 Bxc1 30. Qf3 Bf4 31. Qb3 Qd8 32. Bd3 Qd7 33. f3 Qd4 34. Nxf4 Rg1+ 35. Kh3 Qe3 36. Nh5 Qxf3+ 37. Ng3 Qg2+ 38. Kh4 Qxh2# 0-1

[Event "Montcalm op 6 2012-13"]
[Site "Quebec CAN"]
[Date "2013.03.21"]
[Round "1"]
[White "Bluteau, Yvon"]
[Black "Bourassa, Andre"]
[Result "1-0"]
[WhiteElo "1862"]
[BlackElo "1761"]
[PlyCount "113"]
[GameId "2160767909373021"]
[EventDate "2013.03.21"]
[EventType "swiss"]
[EventRounds "5"]
[EventCountry "CAN"]
[SourceTitle "EXT 2022"]
[Source "ChessBase"]
[SourceDate "2021.10.06"]
[SourceVersion "1"]
[SourceVersionDate "2021.10.06"]
[SourceQuality "1"]

1. Nf3 d5 2. g3 Nd7 3. d4 g6 4. Bg2 Bg7 5. O-O c6 6. Nc3 Ngf6 7. Re1 Ne4 8. Nxe4 dxe4 9. Ng5 Nb6 10. c3 f5 11. Qb3 Qd5 12. Bf4 h6 13. Nh3 Be6 14. Qxd5 Nxd5 15. Bd2 Bf7 16. Nf4 e5 17. Nxd5 Bxd5 18. e3 O-O 19. b3 Be6 20. Rad1 Rad8 21. Bc1 Rd7 22. Bb2 Rfd8 23. Rd2 Kf7 24. Bf1 a6 25. Red1 exd4 26. cxd4 Bf8 27. Bc3 Bd5 28. Ba5 Rc8 29. Bb6 h5 30. h4 Ke6 31. Rc2 Be7 32. Bc5 Bd8 33. Rdc1 Be7 34. Be2 Bd6 35. Bc4 Re8 36. Bxd5+ Kxd5 37. Bxd6 Kxd6 38. Rc5 Ree7 39. b4 Rf7 40. a4 Rc7 41. Kg2 Rfe7 42. Kf1 b6 43. R5c3 Kd5 44. b5 axb5 45. axb5 Re8 46. Rxc6 Rxc6 47. Rxc6 Re6 48. Rc7 Rd6 49. Ke2 Ke6 50. f3 Kd5 51. Re7 exf3+ 52. Kxf3 Kc4 53. Re5 Rd5 54. Kf4 Rxb5 55. Rxb5 Kxb5 56. d5 Kc5 57. Ke5 1-0

[Event "Montcalm op 6 2012-13"]
[Site "Quebec CAN"]
[Date "2013.03.21"]
[Round "1"]
[White "Boulianne, Gabriel"]
[Black "Sarra-Bournet, Marc"]
[Result "0-1"]
[WhiteElo "1765"]
[BlackElo "1803"]
[PlyCount "90"]
[GameId "2160767909373022"]
[EventDate "2013.03.21"]
[EventType "swiss"]
[EventRounds "5"]
[EventCountry "CAN"]
[SourceTitle "EXT 2022"]
[Source "ChessBase"]
[SourceDate "2021.10.06"]
[SourceVersion "1"]
[SourceVersionDate "2021.10.06"]
[SourceQuality "1"]

1. e4 e5 2. Nf3 Nc6 3. Bb5 a6 4. Ba4 Nf6 5. O-O b5 6. Bb3 Be7 7. c3 d6 8. Re1 O-O 9. d4 Bg4 10. d5 Na5 11. Bc2 Nc4 12. Nbd2 Nxd2 13. Bxd2 h6 14. Qe2 Nh7 15. b4 Bg5 16. Be3 Qf6 17. a4 Bf4 18. Bxf4 exf4 19. Qd3 Bxf3 20. Qxf3 Ng5 21. Qd3 f3 22. e5 Nh3+ 23. Kf1 fxg2+ 24. Kxg2 Nf4+ 25. Kh1 Nxd3 26. exf6 Nxe1 27. Rxe1 Rfe8 28. Rg1 g5 29. h4 Re2 30. Bd3 Rxf2 31. hxg5 h5 32. axb5 axb5 33. Re1 Rf3 34. Bxb5 Rxc3 35. Bd7 Rg3 36. Rg1 Rxg1+ 37. Kxg1 Rd8 38. Bc6 Kh7 39. Kg2 Kg6 40. Bb5 Kxg5 41. Be2 Rh8 42. Kg3 Kxf6 43. Kh4 Kf5 44. Bxh5 Kf4 45. b5 f6 0-1

[Event "Montcalm op 6 2012-13"]
[Site "Quebec CAN"]
[Date "2013.03.28"]
[Round "2"]
[White "Bluteau, Yvon"]
[Black "Boulianne, Gabriel"]
[Result "0-1"]
[WhiteElo "1862"]
[BlackElo "1765"]
[PlyCount "136"]
[GameId "2160767909373023"]
[EventDate "2013.03.21"]
[EventType "swiss"]
[EventRounds "5"]
[EventCountry "CAN"]
[SourceTitle "EXT 2022"]
[Source "ChessBase"]
[SourceDate "2021.10.06"]
[SourceVersion "1"]
[SourceVersionDate "2021.10.06"]
[SourceQuality "1"]

1. d4 Nf6 2. c4 c5 3. Nf3 cxd4 4. Nxd4 e5 5. Nb3 Be7 6. Nc3 O-O 7. g3 a6 8. Bg2 Qc7 9. Nd5 Nxd5 10. cxd5 d6 11. O-O Bf5 12. e4 Bg6 13. f4 f6 14. f5 Be8 15. Be3 Ba4 16. Rc1 Qd8 17. Rf2 Nd7 18. Bf1 b6 19. h4 Nc5 20. Bxc5 bxc5 21. Rc3 Qb6 22. Bc4 Bb5 23. Nd2 Qb7 24. g4 Bd8 25. Rb3 Qd7 26. Qe2 Rb8 27. Rg3 Ba5 28. Nf3 Bxc4 29. Qxc4 Qb5 30. Qc2 c4 31. Kh2 Bb6 32. Rfg2 Be3 33. Kh1 c3 34. Qxc3 Qf1+ 35. Ng1 Bd4 36. Qd3 Qxd3 37. Rxd3 Bxb2 38. Nf3 Rfc8 39. g5 Kf7 40. Rdd2 Ba3 41. Kh2 Rc4 42. Rd3 Bc1 43. Re2 Rbb4 44. Rb3 Rxb3 45. axb3 Rc3 46. Ne1 Rxb3 47. gxf6 Kxf6 48. Kg2 Rb2 49. Nc2 a5 50. Kf1 Bf4 51. Kf2 Rb3 52. Kf1 Bg3 53. h5 h6 54. Ne3 Rc3 55. Kg2 Bf4 56. Ng4+ Kg5 57. Nf2 Kxh5 58. Nd1 Rg3+ 59. Kf1 Rh3 60. Kg2 Rh2+ 61. Kf3 Rxe2 62. Kxe2 Bc1 63. Nc3 Ba3 64. Kf3 Kh4 65. Na4 Kh3 66. Nb6 Bc5 67. Na4 Bd4 68. Ke2 Kg2 0-1